000 00775nam a2200241Ia 4500
003 OSt
005 20220918173246.0
006 a|||||r|||| 00| 0
007 ta
008 220917b |||||||| |||| 00| 0 eng d
024 _a5,879
037 _cTextual
040 _aARTS
_cARTS
_beng
041 _2eng
_aeng
082 _a220k62:8, K4 (2D)
110 _aAmerican library association public library association standards for work with young adults
_945559
245 0 _aYoung adult services in the public library
260 _c1964
650 _aLIBRARY SCIENCE
700 _aAmerican library association public library association standards for work with young adults
_945560
942 _h220k62:8, K4 (2D)
_cTEXL
_2CC
999 _c147888
_d147888